| 000 | 00586nam a2200193Ia 4500 | ||
|---|---|---|---|
| 003 | IN-BaIIA | ||
| 008 | 211028s9999 xx 000 0 eng d | ||
| 020 | _a0-387-07970-X | ||
| 040 | _cIIA Library | ||
| 080 |
_a524.834 _bRIN |
||
| 100 |
_aRindler, Wolfgang _96728 |
||
| 245 | 0 |
_aEssential relativity _bspecial, general, and cosmological _cWolfgang Rindler |
|
| 250 | _a2nd ed. | ||
| 260 |
_aNew York _bSpringer-Verlag _c1977 |
||
| 300 | _axiv, 284p. | ||
| 650 | _aAstronomy and astrophysics thesaurus | ||
| 650 | _aRelativity | ||
| 942 | _cBK | ||
| 999 |
_c5807 _d5807 |
||